000 00258nam a22001217a 4500
008 170526b xxu||||| |||| 00| 0 eng d
041 _aeng
080 _a621.3
100 _a27
101 _aIM
245 _aHOME ENERGY HOW-TO
_cHAND, A.J
942 _2udc
_cBK
999 _c14380
_d14380